The innovator's guide to growth : putting disruptive innovation to work /

Saved in:
Bibliographic Details
Other Authors: Anthony, Scott D.
Format: Book
Language:English
Published: Boston, Mass. : Harvard Business Press, c2008.
Subjects:
Tags: Add Tag
No Tags, Be the first to tag this record!
LEADER 00886nam a2200277Ia 4500
001 011483375-3
005 20080612092931.0
008 071206s2008 maua b 001 0 eng
010 |a  2007049590 
020 |a 9781591398462 
020 |a 1591398460 
035 0 |a ocn183162466 
040 |a DLC  |c DLC  |d BAKER  |d BTCTA  |d YDXCP 
050 0 0 |a HD45  |b .I542 2008 
082 0 0 |a 658.4/063  |2 22 
245 0 4 |a The innovator's guide to growth :  |b putting disruptive innovation to work /  |c Scott D. Anthony ... [et al.]. 
260 |a Boston, Mass. :  |b Harvard Business Press,  |c c2008. 
300 |a xx, 299 p. 
504 |a Includes bibliographical references and index. 
650 0 |a Technological innovations  |x Management. 
650 0 |a Disruptive technologies  |x Management. 
650 0 |a New products. 
650 0 |a Business planning. 
700 1 |a Anthony, Scott D. 
988 |a 20080606 
906 |0 DLC